Подробности
| 000 -МАРКЕР |
| контрольное поле |
02424nam0a2200361 4500 |
| 001 - ИДЕНТИФИКАТОР ЗАПИСИ |
| контрольное поле |
RU\NLR\BIBL_A\016366286 |
| 005 - ИДЕНТИФИКАТОР ВЕРСИИ |
| контрольное поле |
20230620193325.0 |
| 010 ## - МЕЖДУНАРОДНЫЙ СТАНДАРТНЫЙ НОМЕР КНИГИ (ISBN) |
| Номер (ISBN) |
978-5-00222-010-6 |
| Тираж |
200 |
| 021 ## - НОМЕР ГОСУДАРСТВЕННОЙ РЕГИСТРАЦИИ |
| Код страны |
Российская Федерация |
| Номер |
КН-П-23-026019 |
| Номер Листа государственной регистраци |
КН-П-23-2590 |
| 035 ## - ДРУГИЕ СИСТЕМНЫЕ НОМЕРА |
| Идентификатор записи |
(NLR Aleph) 016366286 |
| 035 ## - ДРУГИЕ СИСТЕМНЫЕ НОМЕРА |
| Идентификатор записи |
(RuMoRGB)011744949 |
| 100 ## - ДАННЫЕ ОБЩЕЙ ОБРАБОТКИ |
| Данные общей обработки |
20230512d2023 u y0rusy50 ca |
| 101 0# - ЯЗЫК РЕСУРСА |
| Язык текста, звукозаписи и т.д. |
русский |
| 102 ## - СТРАНА ПУБЛИКАЦИИ ИЛИ ПРОИЗВОДСТВА |
| Страна публикации |
Российская Федерация |
| 105 ## - ПОЛЕ КОДИРОВАННЫХ ДАННЫХ: ТЕКСТОВЫЕ МАТЕРИАЛЫ, МОНОГРАФИЧЕСКИЕ |
| Кодированные данные о монографическом текстовом документе |
c||z|||000zb |
| 181 #0 - ПОЛЕ КОДИРОВАННЫХ ДАННЫХ: ВИД СОДЕРЖАНИЯ |
| Код вида содержания (ISBD) |
i3 |
| Код характеристики содержания (ISBD) |
axxe |
| 182 #0 - ПОЛЕ КОДИРОВАННЫХ ДАННЫХ: ТИП СРЕДСТВА |
| Код типа средства (ISBD) |
n - непосредственное |
| 200 1# - ЗАГЛАВИЕ И СВЕДЕНИЯ ОБ ОТВЕТСТВЕННОСТИ |
| Основное заглавие |
Иван Пырьев |
| Сведения, относящиеся к заглавию |
жизнь и фильмы народного режиссера |
| -- |
[сборник] |
| Первые сведения об ответственности |
автор-составитель: Сергей Алдонин |
| 203 ## - ВИД СОДЕРЖАНИЯ И ТИП СРЕДСТВА |
| Вид содержания |
Текст |
| Дополнительные сведения об издании |
визуальный |
| Тип средства |
непосредственный |
| 210 ## - ПУБЛИКАЦИЯ, РАСПРОСТРАНЕНИЕ И ДР. |
| Место издания, распространения и т.д. |
Москва |
| Имя издателя, распространителя и т. д. |
Родина |
| Дата издания, распространения и т.д. |
2023 |
| 215 ## - ФИЗИЧЕСКАЯ ХАРАКТЕРИСТИКА |
| Специфическое обозначение материала и объем |
254, [1] с. |
| Другие сведения о физической характеристике |
ил., портр. |
| Размеры |
21 |
| 225 1# - СЕРИЯ |
| Основное заглавие серии |
Культурный слой |
| 225 1# - СЕРИЯ |
| Основное заглавие серии |
Мемуары, история, искусствоведение |
| 330 ## - РЕЗЮМЕ ИЛИ РЕФЕРАТ |
| Текст примечания |
Его называли "Иваном Грозным" советской культуры. Неуёмным, неукротимо энергичным. Иван Пырьев не только снимал фильмы, бившие рекорды популярности, но и создавал стиль советской жизни, в которой традиции старой России сочетались с верой в социализм и прогресс. Оптимистический настрой тех картин задавал тон для всей страны. Не менее интересен Пырьев как первый интерпретатор наследия Достоевского в кино. И при этом он имел свою точку зрения по каждому вопросу и отстаивал ее. Всё это есть в книге, которую вы держите в руках |
| 600 #1 - ИМЯ ЛИЦА КАК ПРЕДМЕТ |
| Начальный элемент ввода |
Пырьев |
| Часть имени, кроме начального элемента ввода |
И. А. |
| Расширение инициалов личного имени |
Иван Александрович |
| Даты |
1901 - 1968 |
| Формальный подзаголовок |
Сборники |
| Код системы |
nlr_sh2 |
| Идентификатор авторитетной/нормативной записи |
RU\NLR\AUTH\66577081 |
| 686 1# - ИНДЕКСЫ ДРУГИХ КЛАССИФИКАЦИЙ |
| Индекс |
Щ374.3(2Р)7-85Пырьев я43 |
| 702 #1 - ИМЯ ЛИЦА - ВТОРИЧНАЯ ОТВЕТСТВЕННОСТЬ |
| Начальный элемент ввода |
Алдонин |
| Часть имени, кроме начального элемента ввода |
С. |
| Расширение инициалов личного имени |
Сергей |
| Код отношения |
Составитель |
| 702 #1 - ИМЯ ЛИЦА - ВТОРИЧНАЯ ОТВЕТСТВЕННОСТЬ |
| Начальный элемент ввода |
Пырьев |
| Часть имени, кроме начального элемента ввода |
И. А. |
| Даты |
1901-1968 |
| Расширение инициалов личного имени |
Иван Александрович |
| Идентификатор авторитетной/нормативной записи |
RU\NLR\AUTH\7770821 |
| Код отношения |
Режиссер, Театральный режиссер |
| 942 ## - ДОПОЛНИТЕЛЬНЫЕ ЭЛЕМЕНТЫ ЗАПИСИ (АБИС) |
| Тип экземпляра АБИС |
Книга |
| 980 ## - КОЛЛЕКЦИЯ |
| Название коллекции |
Национальная библиография |